Statistická ročenka republiky Československé 1958

Enregistré dans:
Détails bibliographiques
Format: Livre
Langue:tchèque
Publié: Praha : Orbis, 1958
Édition:1.vyd.
Tags: Ajouter un tag
Pas de tags, Soyez le premier à ajouter un tag!

MARC

LEADER 00000nam a22000003a 4500
001 stu6760
005 20150408182025.5
008 940831s1958----cs------------------cze-d
040 |a STU  |b slo 
041 0 |a cze 
044 |a cs 
080 |a 311.313(437) 
245 |a Statistická ročenka republiky Československé 1958 
250 |a 1.vyd. 
260 |a Praha :  |b Orbis,  |c 1958 
300 |a 488 s 
996 |b 284V018360  |c V*50028/O-22262  |l VVT  |s A  |a 24  |w stu6760_0002